Basic introduction to oil,chemical,lpg and lng tanker handbook / (Record no. 1459)

000 -LEADER
fixed length control field 00539nam a2200181 a 4500
008 - FIXED-LENGTH DATA ELEMENTS--GENERAL INFORMATION
fixed length control field 200103t2011 ii ad||g |||| 00| 0 eng d
020 ## - INTERNATIONAL STANDARD BOOK NUMBER
International Standard Book Number 9788192079011
Terms of availability Rs. 300.00
040 ## - CATALOGING SOURCE
Original cataloging agency IMU Kochi Library
Language of cataloging eng
041 0# - LANGUAGE CODE
Language code of text/sound track or separate title eng
082 04 - DEWEY DECIMAL CLASSIFICATION NUMBER
Edition number 23
Classification number 623.8245
Item number M6919
100 1# - MAIN ENTRY--PERSONAL NAME
Personal name Mistree, K. S. D.
245 10 - TITLE STATEMENT
Title Basic introduction to oil,chemical,lpg and lng tanker handbook /
260 ## - PUBLICATION, DISTRIBUTION, ETC. (IMPRINT)
Place of publication, distribution, etc Mumbai :
Name of publisher, distributor, etc Marex media pvt Ltd ,
Date of publication, distribution, etc 2011.
300 ## - PHYSICAL DESCRIPTION
Extent 150 p. :
Other physical details ill., charts ;
Dimensions 26 cm.
650 #0 - SUBJECT ADDED ENTRY--TOPICAL TERM
Topical term or geographic name as entry element Tankers
Form subdivision Textbooks
852 ## - LOCATION/CALL NUMBER
Location IMU Kochi Library
942 ## - ADDED ENTRY ELEMENTS (KOHA)
Item type Books
Holdings
Withdrawn status Lost status Source of classification or shelving scheme Damaged status Not for loan Collection code Permanent location Current location Shelving location Date acquired Source of acquisition Cost, normal purchase price Total Checkouts Total Renewals Full call number Barcode Date last seen Date last borrowed Koha item type Public note
          Nautical Science IMU Kochi Library IMU Kochi Library General Stacks 2013-02-28 M/s Sterling Book House (Inv. No.2285 Dt 2013-02-19) 300.00 1 1 623.8245 M6919 BK000584 2025-12-17 2025-11-24 Books Gen. Shelf-13, Row-4
          Nautical Science IMU Kochi Library IMU Kochi Library General Stacks 2013-02-28 M/s Sterling Book House (Inv. No.2285 Dt 2013-02-19) 300.00 1   623.8245 M6919 BK000585 2022-11-21 2022-11-21 Books Gen. Shelf-13, Row-4


Copyright © All Rights Reserved by Indian Maritime University, Kochi Campus.
For any Suggestions/Query Contact to library or Email: library.kochi@imu.ac.in Ph:(0484)-2989402
(Web OPAC Designed by Rudra Ranjan. Maintained by IMU Kochi Library)

Powered by Koha